Historia de belgrano y de la independencia argentina /
Guardado en:
| Autor Principal: | |
|---|---|
| Formato: | Libro |
| Publicado: |
Buenos Aires :
Bca. de suboficial,
1942
|
| Materias: | |
| Etiquetas: |
Agregar Etiqueta
Sin Etiquetas, Sea el primero en etiquetar este registro!
|
| LEADER | 00469nam a22001575a 4500 | ||
|---|---|---|---|
| 001 | CEM.cems004458 | ||
| 005 | 20060216000000.0 | ||
| 008 | 130507s1942##################000#0#####d | ||
| 003 | CEMS | ||
| 082 | 0 | 4 | |a 982.03 |
| 100 | 1 | |a Mitre, Bartolomé | |
| 245 | 1 | 0 | |a Historia de belgrano y de la independencia argentina / |
| 260 | |a Buenos Aires : |b Bca. de suboficial, |c 1942 | ||
| 300 | |a 482 p. | ||
| 653 | |a Historia | ||
| 859 | |a CEMS |b BIB. CEMS - 11 de abril |h 982.03 |i M698b-2/III |p 6498.78 |t Ej.1 | ||
